The influence of dealers' perceptions on the buying and selling of Islamic bonds /
Saved in:
| Main Author: | |
|---|---|
| Format: | Thesis |
| Language: | English |
| Published: |
Durham :
University od Durham,
2004
|
| Subjects: | |
| Tags: |
Add Tag
No Tags, Be the first to tag this record!
|
| LEADER | 010750000a22002650004500 | ||
|---|---|---|---|
| 008 | 110912t2004 xxka f m 000 0 eng d | ||
| 040 | |a UIAM |b eng | ||
| 043 | |a e-uk--- | ||
| 050 | 0 | 0 | |a HG4651 |
| 100 | 0 | |a Kamisan Gadar |9 112418 | |
| 245 | 1 | 4 | |a The influence of dealers' perceptions on the buying and selling of Islamic bonds / |c by Kamisan Gadar |
| 260 | |a Durham : |b University od Durham, |c 2004 | ||
| 300 | |a ix, 222 p. : |b ill. ; |c 30 cm. | ||
| 336 | |2 rdacontent | ||
| 337 | |2 rdamedia | ||
| 338 | |2 rdacarrier | ||
| 500 | |a "A thesis submitted in fulfilment of the requirement for a PhD degree in Islamic Finance." -- On t. p. | ||
| 502 | |a Thesis (Ph. D.) -- University of Durham, 2004 | ||
| 504 | |a Includes bibliographical references (p. 189-200). | ||
| 650 | 0 | |a Bonds |x Religious aspects Islam |9 22323 | |
| 655 | 0 | 7 | |a Theses, Facsimile edition (Islamic). |
| 900 | |a hj-ls | ||
| 942 | |2 lcc |n 0 | ||
| 999 | |c 434200 |d 465955 | ||
| 952 | |0 0 |6 TI HG 004651 K15I 2004 |7 0 |8 THESES |9 757161 |a IIUM |b IIUM |c MULTIMEDIA |g 640.00 |o ti HG 4651 K15I 2004 |p 00011196849 |r 2017-10-23 |t 1 |v 640.00 |y THESIS | ||
